Score 0/21 Timer 07:00
0 Plays Today
Team name Title % Correct
The Ducks (youth hockey)The Mighty Ducks
85.4%
Permian/Dillon High School Panthers (football)Friday Night Lights
83.4%
Springfield Isotopes (minor league baseball)The Simpsons
78.2%
The Bears (Little League baseball)The Bad News Bears
74.9%
Allenville Penitentiary/The Mean Machine (football)The Longest Yard
68.7%
Flint Tropics (minor league basketball)Semi-Pro
64%
Miami Sharks (professional football)Any Given Sunday
61%
Charlestown Chiefs (minor league hockey)Slap Shot
60.8%
SCLSU Mud Dogs (football)The Waterboy
56.8%
Hickory High School Huskers (basketball)Hoosiers
49.6%
Milwaukee Beers (NBL)BASEketball
48.4%
Team name Title % Correct
Minnesota State University Screamin' Eagles (football)Coach
47.1%
Orlando Breakers (professional football)Coach
47.1%
West Canaan High School Coyotes (football)Varsity Blues
37.5%
New York Knights (minor league baseball)The Natural
36%
Carver High School (basketball)The White Shadow
15.1%
San Diego Sabres (professional football)The Game
12.2%
Pittsburgh Pythons (professional basketball)The Fish That Saved Pittsburgh
11.7%
Boston Rebels (professional football)The Game Plan
7.9%
Ampipe High School Bulldogs (football)All The Right Moves
6.7%
Oakbridge High School Penguins (basketball)Hangin' With Mr. Cooper
4.7%

You're not logged in!

Compare scores with friends on all Sporcle quizzes.
OR
Log In

Sporcle TV

Today on Sporcle TV


Watch our educational content, quiz creation guides, and fun videos on Sporcle TV.

Show Comments

Extras

Created Sep 25, 2009ReportNominate
Tags:Show Quiz, fictional, school, team

Top Quizzes Today


Score Distribution

Paid Content

Your Account Isn't Verified!

In order to create a playlist on Sporcle, you need to verify the email address you used during registration. Go to your Sporcle Settings to finish the process.

Report this User

Report this user for behavior that violates our Community Guidelines.

Details: